000 00485cam a2200133 4500
001 L136228
008 070118n2004 000 0 eng u
035 _a(Sirsi) u136228
110 2 _aRoyal Institution of Chartered Surveyors
_bGeomatics Faculty
_94352
245 0 0 _aGeomatics
_binsight into the profession
260 _aLondon
_bRICS
_c2004
856 4 1 _uhttps://www.rics.org/RICSWEB/getpage.aspx?p=PMuwkOy-dkuotOg7xgPNdQ
_zView the guide free of charge at www.rics.org...
942 _n0
999 _c106345
_d106345